zpět

Detail výsledku týmu

Metro Music Pub, Most

Datum a čas kvízu

26 Celkem bodů Celkový počet nahraných bodů na tomto kvízu bez doplňovacích otázek.
5. Pořadí na kvízu Konečné umístění týmu na tomto kvízu.

Zaznamenané odpovědi

# Otázka Odpověď Body Výsledky
1. Česká diplomacie zaznamenala m... Jiří Šedivý 0
2. Obyvatelé části severoitalské... Lambrusco 0
3. Zahájení letošního ročníku fes... Oleh Sencov 0
4. V úterý byl vyhlášen Podnikate... Oliver Dlouhý 0
5. Bývalý brazilský fotbalista se... Ronaldinho 1
6. V následujících pěti otázkách... gaviál (indický) 1
7. Desomorfin je syntetický opioi... v Rusku 0
8. Značka Crocs je známá předevší... v USA 0
9. Krokodýl Dundee je australská... Paul Hogan, Mike 1
10. Jak si říká muž, který v roce... Elton John 1